00281nam a2200097Ia 4500008004000000082001800040100001900058245005100077260004800128300000700176210210b1975 xxu||||| |||| 00| 0 eng d a332.0415 PARI aPAREKH (H T ). aIndian capital market past present and future. aBombaybThe A D Shroff memorial trustc1975 a28